书目信息 |
| 题名: |
太极拳常识
|
|
| 作者: | 周稔丰 编著 | |
| 分册: | ||
| 出版信息: | 北京 人民体育出版社 1978 |
|
| 页数: | 167页 | |
| 开本: | 19cm | |
| 丛书名: | ||
| 单 册: | ||
| 中图分类: | G852.1 | |
| 科图分类: | ||
| 主题词: | 太极拳--基本知识 , 武术 , 民族形式体育 | |
| 电子资源: | ||
| ISBN: | ||
| 000 | 00637nam0 2200253 45 | |
| 001 | 0178005010 | |
| 005 | 20071014101234.04 | |
| 010 | @dCNY0.39 | |
| 091 | @a7015.1667 | |
| 100 | @a19950717d1978 em y0chiy0121 ea | |
| 101 | 0 | @achi |
| 102 | @aCN@b110000 | |
| 105 | @aa z 000yy | |
| 106 | @ar | |
| 200 | 10 | @a太极拳常识@Atai ji quan chang shi@f周稔丰编著 |
| 210 | @a北京@c人民体育出版社@d1978 | |
| 215 | @a167页@c插图@d19cm | |
| 606 | @a太极拳@x基本知识 | |
| 606 | 0 | @a武术 |
| 606 | 0 | @a民族形式体育 |
| 690 | @aG852.1 | |
| 701 | 0 | @a周稔丰@Azhou ren feng@4编著 |
| 801 | 0 | @aCN@bNLC@c20071014 |
| 905 | @f1@b5760@dG852.1@e164 | |
| 太极拳常识/周稔丰编著.-北京:人民体育出版社,1978 |
| 167页:插图;19cm |
| ISBN :CNY0.39 |
| ● |
| 相关链接 |
|
|
|
|
正题名:太极拳常识
索取号:G852.1/164
 
预约/预借
| 序号 | 登录号 | 条形码 | 馆藏地/架位号 | 状态 | 备注 |
| 1 | 0005760 | 000303219 | 第四借阅区/ [索取号:G852.1/164] | 在馆 | |
| 2 | 0005761 | 000991467 | 第一样本阅览室/ [索取号:G852.1/164] | 在馆 |